000 00412 a2200109 4500
001 ART_15604
005 20260410161735.0
008 260409a
245 1 0 _aLiberalización del comercio exterior como determinante del crecimiento económico
100 1 _aWajchman, Mauricio
773 0 _tEjecutivos de finanzas
_gContratos laborales sin indemnización - Año 12, Nº 128 (ago. 1996)
_wREV2863
999 _c18254
_d18254